| 000 | 00422nam a2200169 4500 | ||
|---|---|---|---|
| 001 | 0005214 | ||
| 003 | DO-SdBNP | ||
| 005 | 20160412145431.0 | ||
| 007 | 0005214 | ||
| 008 | 160412b 1970 sp |||| |||| 00| 0 spa d | ||
| 040 |
_aBPMSU _bspa _cBPMSU |
||
| 245 | _aTrabajo manuales 4 | ||
| 260 |
_a[s.l] _bEditores SM, _c[1970] |
||
| 300 |
_a32 p. : _bil. ; _c20 cm. |
||
| 942 |
_2ddc _cBK |
||
| 956 |
_aVMATEO _b10 _c20160412 _dBPMSU _f0069 |
||
| 999 |
_c9720 _d9720 |
||